| 000 | 00823 a2200265 4500 | ||
|---|---|---|---|
| 003 | OSt | ||
| 005 | 20180116192352.0 | ||
| 008 | 120605t xxu||||| |||| 00| 0 eng d | ||
| 010 | _a 00361270 | ||
| 020 | _a0714838950 | ||
| 020 | _a9780714843902 | ||
| 040 | _c0 | ||
| 082 | _a741.683 | ||
| 100 |
_a Parr, Martin _93782 |
||
| 245 | 0 | 0 |
_aBoring postcards / _cMartin Parr. |
| 260 |
_a[England] : _bPhaidon, _c1999. |
||
| 300 |
_a1 v. (unpaged) : _bcol. ill. ; _c16 x 21 cm. |
||
| 500 | _aCover title. | ||
| 500 | _a"Collection Martin Parr"--Colophon. | ||
| 650 | 1 | 0 |
_aPostcards _zGreat Britain _xHistory _y20th century. _93783 |
| 700 | 1 |
_aParr, Martin, _d1952- _93784 |
|
| 710 | 2 |
_aPhaidon Press. _93785 |
|
| 942 |
_aSADA _cBK _k741.683 PAR 1999 _2ddc |
||
| 999 |
_c352965 _d352965 |
||